| 000 | 01482nam a22002777a 4500 | ||
|---|---|---|---|
| 005 | 20090615162426.0 | ||
| 008 | 090615t xxu||||| |||| 00| 0 hin d | ||
| 010 | _aHIN-86933 | ||
| 020 |
_a9788187733713 _c250.00 |
||
| 035 | _aHN-59279 | ||
| 037 | _bDBAD / PUB | ||
| 040 |
_adpl _bhn |
||
| 082 | _a250 | ||
| 100 | _aधर्मपाल | ||
| 245 |
_aबुद्ध की शिक्षा : _cधर्मपाल... [आदि] _b('व्हाट डिड दी बुद्धा टीच ' का अनुवाद ) / |
||
| 246 |
_aBuddha kii Sikshaa _bby Dharampal...[ et al] |
||
| 260 |
_aदिल्ली _bगौतम बुक सेन्टर _c2008 |
||
| 270 |
_a'चन्दन सदन' सी-263-ए, गली नं.-9, हरदेवपुरी, शाहदरा _bदिल्ली _e110093 _k22810380, 65822074 |
||
| 300 |
_a136पृ. _c22सेमी सजिल्द) |
||
| 500 | _a(प्रथम संस्करण 1956) | ||
| 650 | _aबौद्ध घर्म | ||
| 650 | _aBuddhism | ||
| 942 |
_2ddc _cHN _mधर्मपा _h250 |
||
| 999 |
_c27479 _d27479 |
||